| 000 | 00705nam a22002297a 4500 | ||
|---|---|---|---|
| 999 |
_c14709 _d14709 |
||
| 003 | AR-CdUCM | ||
| 008 | 190424b ||||| |||| 00| 0 spa d | ||
| 020 | _a978-603-4016-73-6 | ||
| 040 |
_aMUNICIPALIDAD PROVINCIAL DEL CUSCO _cBIBLIOTECA MUNICIPAL DEL CUSCO |
||
| 041 | _heng | ||
| 082 |
_aPI / 808.06 / _bD71 |
||
| 100 |
_aDietl, Erhard _933575 |
||
| 245 | _aEl valiente Teo / | ||
| 260 |
_aLima : _bAlfaguara, _c2014. |
||
| 300 |
_a29 páginas ; _bIlustraciones, _c19 cm. |
||
| 505 | _aContenido: El valiente Teo. | ||
| 650 |
_aCuentos infantiles _93927 |
||
| 650 |
_aLiteratura infantil _9588 |
||
| 700 |
_aBermejo, Amalia (traductor) _933576 |
||
| 942 |
_2ddc _cLIBROS |
||
| 945 |
_acmm _d2019-04-24 |
||